Geography Quiz

Random Geography or State Quiz

Click Your Way Across the USA Quiz Stats

 Plays Quiz Updated May 30, 2016

Challenge
Share
Tweet
Score 0/14 Timer 06:00
0 Plays Today
% Correct
???
100%
???
96.7%
???
80.7%
???
75.4%
???
73.8%
???
54.7%
???
50.8%
% Correct
???
35.2%
???
34.1%
???
32.7%
???
28.9%
???
22.2%
???
12.1%
???
11.5%

You're not logged in!

Compare scores with friends on all Sporcle quizzes.
Join for Free
OR
Log In

You Might Also Like...

Show Comments

Extras

Top Quizzes Today


Score Distribution

Your Account Isn't Verified!

In order to create a playlist on Sporcle, you need to verify the email address you used during registration. Go to your Sporcle Settings to finish the process.

Report this User

Report this user for behavior that violates our Community Guidelines.

Details: